000 00496nam a22001577a 4500
003 OSt
005 20150905144035.0
008 150905b xxu||||| |||| 00| 0 eng d
040 _cRUA
082 _aAGR សៀវ 1991 B002 Or.1
100 _936
_aសៀវ សិនិទ្ធ
245 _aសិក្សាអំពីការអភិវឌ្ឍសហគមន៍ នៅកណ្តាលស្ទឹង
260 _aPhnom Penh
_bRUA
_c1991
300 _a94p.
_bill.
_c29cm.
942 _2ddc
_cAGR
999 _c34
_d34